|
|
|
|
| LEADER |
00000nam0a2200000 4500 |
| 001 |
354418 |
| 005 |
20231102010705.0 |
| 035 |
|
|
|a (RuTPU)RU\TPU\retro\11676
|
| 090 |
|
|
|a 354418
|
| 100 |
|
|
|a 20200619d1972 k y0rusy50 ca
|
| 101 |
0 |
|
|a rus
|
| 102 |
|
|
|a RU
|
| 105 |
|
|
|a a a 001zy
|
| 200 |
1 |
|
|a Ассортимент реактивов на алюминий
|e обзорная информация
|f И. С. Мустафин, Л. А. Молот, Ю. П. Чепурова [и др.]
|g Всесоюзный научно-исследовательский институт химических реактивов и особо чистых химических веществ
|
| 210 |
|
|
|a Москва
|c НИИТЭХИМ
|d 1972
|
| 215 |
|
|
|a 119 с.
|c ил.
|
| 225 |
1 |
|
|a Химические реактивы и препараты
|
| 225 |
1 |
|
|a Органические реактивы на неорганические ионы
|
| 320 |
|
|
|a Библиогр.: с. 59-116
|
| 512 |
1 |
|
|a Органические реактивы для определения неорганических ионов. Al
|
| 606 |
1 |
|
|a Химические реактивы, органические
|2 stltpush
|3 (RuTPU)RU\TPU\subj\73372
|9 86404
|
| 610 |
1 |
|
|a алюминий
|
| 610 |
1 |
|
|a количественный анализ
|
| 610 |
1 |
|
|a гравиметрический анализ
|
| 610 |
1 |
|
|a титриметрический анализ
|
| 610 |
1 |
|
|a фотометрический анализ
|
| 610 |
1 |
|
|a люминесцентный анализ
|
| 610 |
1 |
|
|a рациональный ассортимент
|
| 675 |
|
|
|a 543-412.2(01)
|v 4
|
| 701 |
|
1 |
|a Мустафин
|b И. С.
|
| 701 |
|
1 |
|a Молот
|b Л. А.
|
| 701 |
|
1 |
|a Чепурова
|b Ю. П.
|
| 701 |
|
1 |
|a Немкова
|b Н. К.
|
| 701 |
|
1 |
|a Муллина
|b Р. М.
|
| 712 |
0 |
2 |
|a Всесоюзный научно-исследовательский институт химических реактивов и особо чистых химических веществ
|c (Москва)
|c (1961-1992)
|2 stltpush
|3 (RuTPU)RU\TPU\col\13967
|9 25839
|
| 801 |
|
1 |
|a RU
|b 63413507
|c 20200619
|
| 801 |
|
2 |
|a RU
|b 63413507
|c 20201218
|g RCR
|
| 942 |
|
|
|c BK
|